Librería de jueces (Record no. 8449)

MARC details
000 -CABECERA
campo de control de longitud fija 01601nam a2200241 a 4500
001 - NÚMERO DE CONTROL
campo de control BRCA_8798
005 - FECHA Y HORA DE LA ÚLTIMA TRANSACCIÓN
campo de control 20190320210421.0
008 - DATOS DE LONGITUD FIJA--INFORMACIÓN GENERAL
campo de control de longitud fija 190417s1774----sp-#######---#000-0#spa-#
041 ## - CÓDIGO DE LENGUA
Código de lengua del texto/banda sonora o título independiente spa
044 ## - CÓDIGO DEL PAÍS DE LA ENTIDAD EDITORA/PRODUCTORA
Código MARC del país sp
084 ## - OTRO NÚMERO DE CLASIFICACIÓN
Número de clasificación BE179
Número de documento/Ítem .M37 1774
100 1# - ENTRADA PRINCIPAL--NOMBRE DE PERSONA
Nombre de persona Martínez, Manuel Silvestre
9 (RLIN) 21602
245 10 - MENCIÓN DE TÍTULO
Título Librería de jueces
Resto del título utilísima, y universal...:tomo quinto...
Mención de responsabilidad, etc. su autor el Lic. D. Manuel Sylvestre Martínez...
260 ## - PUBLICACIÓN, DISTRIBUCIÓN, ETC.
Lugar de publicación, distribución, etc. Madrid
Nombre del editor, distribuidor, etc. En la Imprenta de Blas Román
Fecha de publicación, distribución, etc. 1774
300 ## - DESCRIPCIÓN FÍSICA
Extensión [20], 406 p. (t.5)
Dimensiones 21.2 x 15 cm.
500 ## - NOTA GENERAL
Nota general Con privilegio
500 ## - NOTA GENERAL
Nota general Dedicado al Excmo. Sr. Conde de Aranda
500 ## - NOTA GENERAL
Nota general Estado físico: Presenta encuadernación en pergamino, con presencia del pez de plata y cantos adornados
505 0# - NOTA DE CONTENIDO CON FORMATO
Nota de contenido con formato Contiene: En que se trata de la regia potestad del soberano, sobre las cosas y personas de todos sus vasallos seglares, y eclesiásticos regulares y seculares. Y de la espiritual y suprema de la silla apostólica. Se hace resumen y exposición de todas las leyes y autos acordados de que se compone el libro 1, de la recopilación novísima que se reimprimio, y añadió en el año de 1772. Y de las anteriores, y posteriores reales cedulas, decretos y pragmáticas aún no recopiladas, que declaran, confirman, ó derogan las antiguas disposiciones, ó dan otras nuevas, y se colocan en el lugar y títulos á que pertenecen; con que se manisfiestan las variaciones del Real Derecho, desde la primitiva recopilación del año 1567. hasta el presente de 1774
650 14 - PUNTO DE ACCESO ADICIONAL DE MATERIA--TÉRMINO DE MATERIA
Término de materia o nombre geográfico como elemento de entrada Juisprudencia
Subdivisión cronológica S. XVIII
Subdivisión geográfica España
9 (RLIN) 21937
902 ## - CATALOGADOR
Iniciales CFM
942 ## - ELEMENTOS DE PUNTO DE ACCESO ADICIONAL (KOHA)
Fuente del sistema de clasificación o colocación Library of Congress Classification
Tipo de ítem Koha Libros
Holdings
Estado de retiro Estado de pérdida Estado dañado No para préstamo Localización permanente Ubicación/localización actual Fecha de adquisición Total de préstamos Signatura topográfica completa Código de barras Fecha visto por última vez Precio válido a partir de Tipo de ítem Koha
El ejemplar forma parte de la colección y puede ser consultado según las políticas vigentes.       Biblioteca del Museo Franz Mayer (Rogerio Casas-Alatriste) Biblioteca del Museo Franz Mayer (Rogerio Casas-Alatriste) 19/04/2017   BE179 .M37 1774 CFM00125 22/03/2019 22/03/2019 Libros